Karate for kids : the esseutial handbooks for theyoung karate-ka

Bibliographic Details
Main Author: Morris, Vince
Other Authors: Trimble, Aidan
Format: Book
Published: London : Stanley Paul , 1991
Subjects:

MARC

LEADER 00000cam a2200000 7i4500
001 0000004222
002 000004539
005 20000330.0
020 |a 009174590X 
090 0 0 |a 796.8153   |b MOR 
100 1 |a Morris, Vince 
245 1 0 |a Karate for kids :   |b the esseutial handbooks for theyoung karate-ka   |c Vince Morris & Aidan Trimble 
260 |a London :   |b Stanley Paul ,   |c 1991 
300 |a 96p. :   |b ill. ;   |c 25cm. 
650 0 0 |a Karate 
700 1 |a Trimble, Aidan 
999 |a 031230   |b BUKU   |c PINJAMAN   |e PERPUSTAKAAN KOMUNITI PETALING JAYA 
999 |a 031231   |b BUKU   |c PINJAMAN   |e PERPUSTAKAAN KOMUNITI PETALING JAYA